Lorser Feitelson and the invention of hard edge painting 1945-1965 (Record no. 153)

MARC details
000 - LÍDER
campo de control de longitud fija 00968nam a2200217Ia 4500
008 - ELEMENTOS DE DATOS DE LONGITUD FIJA - INFORMACIÓN GENERAL
campo de control de longitud fija 0000002003 us a 0000000000eng00
020 ## - INTERNATIONAL STANDARD BOOK NUMBER
International Standard Book Number 974009202
090 ## - NÚMERO DE LLAMADA DE TIPO LC LOCALMENTE ASIGNADO (OCLC)
Número de clasificación (OCLC) (R) PUS00 F23l
100 1# - ENTRADA PRINCIPAL - NOMBRE PERSONAL
Nombre de la persona Feitelson, Lorser
245 10 - TÍTULO DECLARACIÓN
Título Lorser Feitelson and the invention of hard edge painting 1945-1965
Declaración de responsabilidad / appreciation by Henry T. Hopkins ; essay by Michael Duncan ; fotografías Casey Brown
260 ## - PUBLICACIÓN, DISTRIBUCIÓN
Lugar de publicación Hollywood : Louis Stern Fine Arts
Fecha de publicación 2003
300 ## - DESCRIPCIÓN FÍSICA
Alcance 100 p.
Dimensiones / 27 cm.
500 ## - NOTA GENERAL
Nota general Exposición realizada en Louis Stern Fine Arts, Hollywood, May 15 Julio 12, 2003 \ Con el patronazgo del maestro venezolano Jesús Rafael Soto (q.e.p.d.)
600 00 - ENTRADA DE SUJETO AÑADIDO - NOMBRE PERSONAL
Nombre de la persona FEITELSON, LORSER, 18281978/
Subdivisión general TRABAJOS PICTORICOS
650 14 - ENTRADA DE SUJETO AÑADIDO - TÉRMINO TÓPICO
Término tópico o elemento de entrada del nombre geográfico PINTURA ESTADOUNIDENSE
650 14 - ENTRADA DE SUJETO AÑADIDO - TÉRMINO TÓPICO
Subdivisión general CATALOGOS
650 14 - ENTRADA DE SUJETO AÑADIDO - TÉRMINO TÓPICO
Término tópico o elemento de entrada del nombre geográfico PINTORES ESTADOUNIDENSES
650 14 - ENTRADA DE SUJETO AÑADIDO - TÉRMINO TÓPICO
Término tópico o elemento de entrada del nombre geográfico PINTURA FIGURATIVA
650 14 - ENTRADA DE SUJETO AÑADIDO - TÉRMINO TÓPICO
Término tópico o elemento de entrada del nombre geográfico PINTURA MODERNA ESTADOUNIDENSE
700 1# - ENTRADA AGREGADA - NOMBRE PERSONAL
Nombre de la persona Hopkins, Henry T. \ Duncan, Michael \ Brown, Casey
Holdings
Estado de retirada Pérdida de estatus Estado dañado No para préstamo Código de recogida Ubicación permanente Ubicación actual Ubicación de las estanterías Fecha de adquisición Número de llamada completo Código de barras Fecha de la última vez que se vio Número de copia Precio efectivo desde Tipo de artículo Koha
        General ArtNexus ArtNexus General 06/09/2022 P-US-00 F23L 153 06/09/2022 Ej.1 06/09/2022 Libro

Powered by Koha